000 00834cam a2200289 i 4500
001 768714001
003 CO-MdFUSB
005 20240622100916.0
007 ta
008 240622t1976 -us||||| |||| 00| 0 spa d
020 _a0-311-46053-5
040 _cCO-MdFUSB
_dCO-MdFUSB
041 0 _aspa
082 0 4 _224
_a234.7
_bA823p
100 1 _aAshcraft, Morris
_eautor
245 1 0 _aEl perdón de pecados
_c/ Morris Ascraft ; traducido por María Teresa La Valle
264 1 _aEl Paso, TX., USA :
_bCasa Bautista de Publicaciones,
_c[1976]
264 4 _c©1976
300 _a143 Pag
336 _atexto
_btxt
_2rdacontent
337 _2rdamedia
_asin mediación
_bn
338 _2rdacarrier
_avolumen
_bnc
500 _aTítulo original : The forgiveness of sins
653 _aJustificación
942 _cBK
945 _aMiguel
999 _c34970
_d34970